Welcome to CU Library Online Public Access Catalogue (OPAC)

Textbook of physical diagnosis : (Record no. 3325)

MARC details
000 -LEADER
fixed length control field 00735cam a2200241 a 4500
001 - CONTROL NUMBER
control field 1179952
005 - DATE AND TIME OF LATEST TRANSACTION
control field 20250131193119.0
008 - FIXED-LENGTH DATA ELEMENTS--GENERAL INFORMATION
fixed length control field 970320s1998 paua b 001 0 eng c
020 ## - INTERNATIONAL STANDARD BOOK NUMBER
International Standard Book Number 9780721675145
050 00 - LIBRARY OF CONGRESS CALL NUMBER
Classification number RC76
Item number .S95 1998
082 00 - DEWEY DECIMAL CLASSIFICATION NUMBER
Classification number 616.07/54
Edition information 21
100 1# - MAIN ENTRY--PERSONAL NAME
Personal name Swartz, Mark H.
245 10 - TITLE STATEMENT
Title Textbook of physical diagnosis :
Remainder of title history and examination /
Statement of responsibility, etc. Mark H. Swartz.
250 ## - EDITION STATEMENT
Edition statement 3rd ed.
260 ## - PUBLICATION, DISTRIBUTION, ETC.
Place of publication, distribution, etc. Philadelphia :
Name of publisher, distributor, etc. W. B. Saunders Company,
Date of publication, distribution, etc. c1998.
300 ## - PHYSICAL DESCRIPTION
Extent xxi, 720 p. :
Other physical details ill. (some col.) ;
Dimensions 29 cm.
650 #0 - SUBJECT ADDED ENTRY--TOPICAL TERM
Topical term or geographic name entry element Physical diagnosis.
650 #0 - SUBJECT ADDED ENTRY--TOPICAL TERM
Topical term or geographic name entry element Medical history taking.
650 12 - SUBJECT ADDED ENTRY--TOPICAL TERM
Topical term or geographic name entry element Diagnosis.
650 22 - SUBJECT ADDED ENTRY--TOPICAL TERM
Topical term or geographic name entry element Medical History Taking.
650 22 - SUBJECT ADDED ENTRY--TOPICAL TERM
Topical term or geographic name entry element Physical Examination.
942 ## - ADDED ENTRY ELEMENTS (KOHA)
Source of classification or shelving scheme Library of Congress Classification
Koha item type Books
Edition 3rd ed.
Suppress in OPAC No
999 ## -
-- 3325
-- 3325
Holdings
Withdrawn status Lost status Source of classification or shelving scheme Damaged status Not for loan Collection Home library Current library Shelving location Date acquired Total checkouts Full call number Barcode Date last seen Copy number Price effective from Koha item type
    Library of Congress Classification     Non-fiction Science Library (Miotso) Science Library (Miotso) General stacks 01/31/2025   RC76 .S95 SWA SLM00002718 01/31/2025 1 01/31/2025 Books
© 2023-2024 Copyright: Central University Libraries. All Rights Reserved | Created by: Mahone Tech Office